000 00933nam a2200277Ia 4500
003 OSt
005 20220918170227.0
006 a|||||r|||| 00| 0
007 ta
008 220917b |||||||| |||| 00| 0 eng d
020 _a978 90 272 1928 2 (hbk)
_c4495.5
024 _a244,761
037 _b9782, 03/12/2010, Elite Publishers Distributors
_cTextual
040 _aARTS
_cARTS
_beng
041 _2eng
_aeng
082 _aP:(T:3,32), P9
100 _aBraunmuller Kurt
_927798
245 0 _aConvergence and divergence in language contact situations
260 _aAmsterdam
_bJohn Benjamins Publishing Netherland
_c2009
300 _a241p.
_ccm.
490 _aHanburg studies on multilingualiam
650 _aLINGUISTICS
700 _a House Juliane
_927799
942 _hP:(T:3,32), P9
_cTEXL
_2CC
999 _c133187
_d133187